|
|
|
|
| LEADER |
00000nam a2200000 i 4500 |
| 001 |
DIGUAZUAY0273 |
| 003 |
NyNyDIG |
| 007 |
cr ||||||||||| |
| 008 |
260113s2024 ec o 100 0 spa d |
| 006 |
m o d |
| 035 |
|
|
|a (OCoLC)1500730842
|
| 040 |
|
|
|a DGITA
|b eng
|e rda
|e pn
|c DGITA
|
| 020 |
|
|
|a 9789942670052
|q eBook
|
| 020 |
|
|
|z 9789942670045
|
| 043 |
|
|
|a s-ec---
|
| 050 |
1 |
4 |
|a LE46.A8 ebook
|
| 245 |
0 |
0 |
|a Memorias del Simposio de Investigaciones 2023 /
|c del texto, Universidad del Azuay.
|
| 264 |
|
1 |
|a Cuenca, Ecuador :
|b Universidad del Azuay, Casa Editora,
|c [2024]
|
| 300 |
|
|
|a 1 online resource.
|
| 336 |
|
|
|a text
|b txt
|2 rdacontent
|
| 337 |
|
|
|a computer
|b c
|2 rdamedia
|
| 338 |
|
|
|a online resource
|b cr
|2 rdacarrier
|
| 347 |
|
|
|a text file
|2 rdaft
|
| 347 |
|
|
|b PDF
|
| 588 |
0 |
|
|a Online resource; title from PDF title page (Digitalia, viewed January 13, 2026).
|
| 610 |
2 |
0 |
|a Universidad del Azuay
|x Research
|v Congresses.
|
| 650 |
|
0 |
|a Universities and colleges
|x Research
|v Congresses.
|
| 710 |
2 |
|
|a Universidad del Azuay,
|e editor.
|
| 791 |
2 |
|
|a Digitalia (Firm),
|e distributor.
|
| 793 |
0 |
|
|g Digitalia eBook Collection:
|a Universidad del Azuay
|
| 776 |
0 |
8 |
|i Print version:
|t Memorias del Simposio de Investigaciones.
|d Cuenca, Ecuador : Universidad del Azuay, Casa Editora, [2024]
|z 9789942670045
|
| 856 |
4 |
0 |
|3 Digitalia Hispánica
|u https://www.digitaliapublishing.com/a/170502/
|
| 910 |
|
|
|a Premium collection: 2026
|